000 00352pab a2200145 454500
008 180718b1998 xxu||||| |||| 00| 0 eng d
100 _aSingh, Jaswant
245 _aObstacles in the abolition of nuclear weapons
260 _c1998
300 _ap.155-61
362 _aApr-Jun
650 _aNuclear weapons
773 _aUSI Journal
909 _a38096
999 _c38096
_d38096